• 首页
  • 本馆介绍
  • 公告通知
  • 最新文献
  • 馆藏检索
  • 电子资源
  • 读者导购
  • 参考咨询
  • 我的图书馆
  • 登录
  • 详细信息显示
  • 放入我的书架
  • 预约/预借图书
  • 作者相关作品
  • 分类相关作品
  • 丛书相关作品
  • 出版社相关作品

书目信息

  • 表格格式
  • 工作单格式
  • 卡片格式
题名:
大学青年教师教学入门
    
 
作者: 龚绍文 著
分册:  
出版信息: 北京   北京理工大学出版社  2006
页数: 265页
开本: 23cm
丛书名:
单 册:
中图分类: G642.41 , G642.0
科图分类:
主题词: 高等学校--教学法
电子资源:
ISBN: 7-5640-0852-0
000 00873n|m0 2200241 450
001 1567486517
005 20150131184547.40
010    @a7-5640-0852-0@dCNY26.00
100    @a20060210d2006 em y0chiy50 ea
101 0  @achi
102    @aCN@b110000
105    @ay z 000yy
200 1  @a大学青年教师教学入门@9da xue qing nian jiao shi jiao xue ru men@e大学施教学初步@f龚绍文著
210    @a北京@c北京理工大学出版社@d2006
215    @a265页@d23cm
330    @a本书分理念、操作、探索、高端经验四篇,包括大学教学的基本问题、教学内容、教学模式、教学环境、作业与练习、备课、讲课、习题、实验课、实习、研究性教学、名师经验等。
517 1  @a大学施教学初步@9da xue shi jiao xue chu bu
606 0  @a高等学校@x教学法
690    @aG642.41@v5
690    @aG642.0@v4
701  0 @a龚绍文@9gong shao wen@f(1939~)@4著
801  0 @aCN@bTSSF@c20150131
905    @aZUCC@dG642.0@eJY91
    
    大学青年教师教学入门:大学施教学初步/龚绍文著.-北京:北京理工大学出版社,2006
    265页;23cm
    
    
    ISBN 7-5640-0852-0:CNY26.00
    本书分理念、操作、探索、高端经验四篇,包括大学教学的基本问题、教学内容、教学模式、教学环境、作业与练习、备课、讲课、习题、实验课、实习、研究性教学、名师经验等。
●
相关链接 在E读中查询图书 在五车中查询图书 在当当中查询图书 在豆瓣中查询图书


正题名:大学青年教师教学入门     索取号:G642.0/JY91         预约/预借

序号 登录号 条形码 馆藏地/架位号 状态 备注
1 7848042   278480421   学院路分馆/ [索取号:G642.0/JY91] 在馆    
2 7848043   278480430   学院路分馆/ [索取号:G642.0/JY91] 在馆    
唐山师范学院图书馆 欢迎您!
大连网信软件有限公司© 版权所有